| 000 | 00443 a2200157 4500 | ||
|---|---|---|---|
| 999 |
_c321334 _d321334 |
||
| 001 | 86261 | ||
| 003 | NUST | ||
| 005 | 20180122103015.0 | ||
| 008 | 180122b xxu||||| |||| 00| 0 eng d | ||
| 020 | _a9780349116303 | ||
| 082 | _a968.06092 MAN | ||
| 100 |
_aNelson Mandela _99416 |
||
| 245 |
_aLong walk to freedom : the autobiography of Nelson Mandela. Vol. 2, 1962-1994 _hEnglish _cNelson Mandela |
||
| 250 | _a1st | ||
| 260 |
_aLondon _bAbacus _c2003 |
||
| 300 | _a450p. | ||
| 500 | _aGeneral Collection | ||
| 942 |
_aCAE NUST _cBK _k968.06092 MAN _2ddc |
||